EA FC25 TOTS Europe Select - Statistics

General Stats
  • This quiz has been taken 9 times
  • The average score is 4 of 15
Answer Stats
Rate Club Nation Answer % Correct
96 Basel Switzerland Xherdan Shaqiri
83%
95 Club Brugge Belgium Hans Vanaken
67%
94 Celtic Japan Daizen Maeda
50%
93 Bodo/Glimt Norway Patrick Berg
50%
92 Union SG Canada Promise David
33%
94 Rangers Czech Rep Vaclav Cerny
33%
92 Copenhagen Indonesia Kevin Diks
17%
95 Olympiacos Brazil Rodinei
17%
91 Rakow Greece Stratos Svarnas
17%
93 Genk Nigeria Toluwalase Arokodare
17%
91 FCSB Romania Adrian Sut
0%
93 Malmo Norway Lasse Johnsen
0%
93 Sturm Graz Georgia Otar Kiteishvili
0%
92 Royal Antwerp Belgium Senne Lammens
0%
92 Slavia Prague Czech Rep Tomas Holes
0%
No matching quizzes found
Score Distribution
Percent of People with Each Score
Percentile by Number Answered
Your Score History
You have not taken this quiz